| 000 -LEADER |
| fixed length control field |
01543nam a22002777a 4500 |
| 003 - CONTROL NUMBER IDENTIFIER |
| control field |
AR-BaISA |
| 005 - DATE AND TIME OF LATEST TRANSACTION |
| control field |
20190218130104.0 |
| 007 - PHYSICAL DESCRIPTION FIXED FIELD--GENERAL INFORMATION |
| fixed length control field |
ta |
| 008 - FIXED-LENGTH DATA ELEMENTS--GENERAL INFORMATION |
| fixed length control field |
180802s2013 sp ad||| |||| 001 0 spa d |
| 020 ## - INTERNATIONAL STANDARD BOOK NUMBER |
| International Standard Book Number |
9788415684244 (obra completa) |
| 020 ## - INTERNATIONAL STANDARD BOOK NUMBER |
| International Standard Book Number |
9788415840374 (Volumen I) |
| 020 ## - INTERNATIONAL STANDARD BOOK NUMBER |
| International Standard Book Number |
9788415840381 (Volumen II) |
| 040 ## - CATALOGING SOURCE |
| Transcribing agency |
AR-BaISA |
| 082 04 - DEWEY DECIMAL CLASSIFICATION NUMBER |
| Edition number |
22 |
| Classification number |
617.023 1 S34 |
| 100 10 - MAIN ENTRY--PERSONAL NAME |
| 9 (RLIN) |
797 |
| Personal name |
Smeltzer, Suzanne |
| 245 10 - TITLE STATEMENT |
| Title |
Brunner & Suddarth Enfermería medicoquirúrgica / |
| Statement of responsibility, etc. |
Suzanne Smeltzer...[et al.] |
| 250 ## - EDITION STATEMENT |
| Edition statement |
12ª ed. |
| 260 ## - PUBLICATION, DISTRIBUTION, ETC. |
| Place of publication, distribution, etc. |
Barcelona: |
| Name of publisher, distributor, etc. |
Wolters Kluwer, |
| Date of publication, distribution, etc. |
2013 |
| 300 ## - PHYSICAL DESCRIPTION |
| Extent |
2 v. 2482 p.: |
| Other physical details |
il., graf. |
| 500 ## - GENERAL NOTE |
| General note |
Numeración distinta en el índice al final de cada volumen |
| 504 ## - BIBLIOGRAPHY, ETC. NOTE |
| Bibliography, etc. note |
Bibliografía al final de cada capítulo |
| 504 ## - BIBLIOGRAPHY, ETC. NOTE |
| Bibliography, etc. note |
Índice analítico p: I1-I94 |
| 505 ## - FORMATTED CONTENTS NOTE |
| Title |
TOMO I: |
| -- |
Conceptos básicos en enfermería -- |
| -- |
Conceptos biofísicos y psicosociales en la práctica de la enfermería -- |
| -- |
Conceptos y retos del manejo del paciente -- |
| -- |
Conceptos perioperatorios y manejo de enfermería -- |
| -- |
Intercambio de gases y función respiratoria -- |
| -- |
Funciones cardiovascular, circulatoria y hematológica -- |
| -- |
Función digestiva y gastrointestinal -- |
| -- |
TOMO II: |
| -- |
Función metabólica y endocrina -- |
| -- |
Función del aparato urinario -- |
| -- |
Función reproductiva -- |
| -- |
Función inmunitaria -- |
| -- |
Función tegumentaria -- |
| -- |
Función sensorineural -- |
| -- |
Función neurológica -- |
| -- |
Función musculoesquelética -- |
| -- |
Otros problemas graves |
| 650 14 - SUBJECT ADDED ENTRY--TOPICAL TERM |
| 9 (RLIN) |
798 |
| Topical term or geographic name entry element |
Enfermería médico-quirúrgica |
| 942 ## - ADDED ENTRY ELEMENTS (KOHA) |
| Source of classification or shelving scheme |
|
| Koha item type |
Libros |